000 00486pab a2200193 454500
008 180718b2009 xxu||||| |||| 00| 0 eng d
100 _aKumbhar, Sitaram
245 _aCommunalism and caste in Orissa: beyond Kandhamal
260 _c2009
300 _ap.159-66.
362 _aApr-Jun
650 _aCaste - India - Orissa
650 _aCommunalism - India - Orissa
650 _aCommunalism
700 _aAjit Kumar
773 _aSocial Action
908 _aN
909 _a82250
999 _c82250
_d82250